| 000 | 00834cab a2200253 4500 | ||
|---|---|---|---|
| 001 | ABS58394 | ||
| 008 | 090401t1998 xxu||||| |||| 00| 0 eng d | ||
| 035 | _a(Sirsi) u85312 | ||
| 041 | _aeng | ||
| 100 | _aMcKnight, R. | ||
| 245 | 4 | _aThe daring bids of May | |
| 260 | _c1998 | ||
| 350 | _a0 | ||
| 490 |
_aContract Journal _v392(6168) 25 March 1998, 16(1) |
||
| 520 | _aA look at the Scheme for Construction Contracts from a main contractors point of view. Lists action plan for main contractors. | ||
| 650 | _aBUILT ENVIRONMENT-BUILDING CONTRACT FORMS | ||
| 650 | _aHOUSING GRANTS CONSTRUCTION AND REGENERATION ACT 1996 | ||
| 650 | _aMAIN CONTRACTORS | ||
| 650 | _aPAYMENTS | ||
| 650 | _aSCHEME FOR CONSTRUCTION CONTRACTS | ||
| 690 | _aBUILT ENVIRONMENT-BUILDING CONTRACT FORMS | ||
| 942 | _n0 | ||
| 948 | _c31/03/1998 | ||
| 999 |
_c53640 _d53640 |
||